[Event "TUR-chT 1st League"]
[Site "Konya"]
[Date "2019.07.28"]
[Round "9.10"]
[White "Kirilmaz, Emre"]
[Black "Inal, Riza Cem"]
[Result "1-0"]
[WhiteElo "2066"]
[BlackElo "1248"]
[PlyCount "83"]
[EventDate "2019.07.22"]
[EventType "team-swiss"]
[EventRounds "9"]
[EventCountry "TUR"]
[SourceTitle "CBM 191 Extra"]
[Source "ChessBase"]
[SourceDate "2019.09.30"]
[SourceVersion "1"]
[SourceVersionDate "2019.09.30"]
[SourceQuality "1"]
[WhiteTeam "Denizli Metin Surmeli"]
[BlackTeam "Istanbul Teknik Uni"]
[WhiteTeamCountry "TUR"]
[BlackTeamCountry "TUR"]

1. d4 d5 2. c3 Nf6 3. Bg5 e6 4. Nd2 c5 5. e3 h6 6. Bh4 Nc6 7. Ngf3 Be7 8. Bd3 cxd4 9. exd4 0-0 10. 0-0 Ne8 11. Bxe7 Qxe7 12. Re1 Nd6 13. Nf1 a5 14. Ne3 Qd8 15. Ng4 Nf5 16. Rc1 b6 17. Bb1 Ba6 18. Nge5 Nxe5 19. Nxe5 Ne7 20. Qh5 Qe8 21. Qh3 Bc8 22. Qd3 g6 23. Qe3 Kg7 24. Ng4 Ng8 25. f4 Bd7 26. h4 h5 27. Ne5 Nh6 28. Qh3 Qd8 29. Re3 Nf5 30. Bxf5 exf5 31. Qg3 Rc8 32. Rce1 Re8 33. Kh2 Be6 34. Nxg6 Kh7 35. Ne5 Rg8 36. Qh3 Qe7 37. Nxf7 Qxf7 38. Rxe6 Rc7 39. Qf3 Rg4 40. g3 Rd7 41. Qd3 Rg6 42. R1e5 1-0

[Event "TUR-chT 1st League"]
[Site "Konya"]
[Date "2017.07.21"]
[Round "7.5"]
[White "Karaoglan, Doruk"]
[Black "Inal, Riza Cem"]
[Result "1-0"]
[WhiteElo "2130"]
[BlackElo "1265"]
[PlyCount "31"]
[EventDate "2017.07.17"]
[EventType "team-swiss"]
[EventRounds "9"]
[EventCountry "TUR"]
[SourceTitle "CBM 179 Extra"]
[Source "ChessBase"]
[SourceDate "2017.08.23"]
[SourceVersion "1"]
[SourceVersionDate "2017.08.23"]
[SourceQuality "1"]
[WhiteTeam "Aydin Egitim Merkezi"]
[BlackTeam "Istanbul Teknik Uni"]
[WhiteTeamCountry "TUR"]
[BlackTeamCountry "TUR"]

1. e4 e5 2. Nf3 Nc6 3. Bc4 Nf6 4. d3 Bc5 5. c3 d6 6. Bb3 a6 7. Nbd2 Ba7 8. h3 0-0 9. Nf1 Qe7 10. Ng3 Be6 11. Nh2 Rad8 12. Qf3 Bxb3 13. axb3 Qe6 14. Bg5 Qxb3 15. Bxf6 gxf6 16. Nh5 1-0